000 01310nam a2200265Ia 4500
001 7059
003 GE_BSU
008 181216s||||||||xx |||||||||||||| ||und||
020 _a9789941160264.
040 _cGE_BSU
080 _a657+005.932.5+005.642.8+330.44+336.532.1+657
100 _aტკინსონი,ა.ენტონი;კაპლანი,ს.რობერტ;მათსუმურა,ელამეა;იგანი,მარკ ს.
245 _aმმართველობითი აღრიცხვა.
245 _bსახელმძღვ.
245 _cმთარგმნ.ნათია მორჩილაძე;მეცნ.რედ:ეკა გეგეშიძე;ლიტ.რედ:მერაბ ცაგარეიშვილი;წინასიტყვ.რალფ კან ტერი.
250 _aმე-5გამოც.
260 _aთბილისი.
260 _bსაქართველოს მაცნე.
260 _c2009-XXIV
300 _a662გვ;26სმ.
300 _bფოტ;ცხრ;ლექსიკონი:გვ.647-657.საძიებელი:გვ.658-662.
541 _h45ლ.
653 _aმმართველობითი აღრიცხვა.
942 _cBK
999 _c40450
_d40450